| 000 | 00779nam a22002177a 4500 | ||
|---|---|---|---|
| 999 |
_c18110 _d18110 |
||
| 003 | AR-CdUCM | ||
| 008 | 190511b ||||| |||| 00| 0 spa d | ||
| 040 |
_aMUNICIPALIDAD PROVINCIAL DEL CUSCO _cBIBLIOTECA MUNICIPAL DEL CUSCO |
||
| 082 |
_a974.07 / _bH85 |
||
| 100 |
_aHümber, Manuel Eduardo _938505 |
||
| 245 | _aMéxico en marcha / | ||
| 260 |
_aSantiago de Chile : _bEdiciones Zig-Zag, _c1929. |
||
| 300 |
_a569 páginas ; _c21 cm. |
||
| 440 |
_aObras de Actualidad. _938506 |
||
| 505 | _aContenido: La historia el origen -- La Génesis -- El estallido -- La cristalización -- La tierra -- El petroleo -- El clero ... | ||
| 650 |
_aCiencia política _91775 |
||
| 650 |
_aEconómica _92402 |
||
| 650 |
_aMéxico _918 |
||
| 942 |
_2ddc _cLIBROS |
||
| 945 |
_aachl _d2019-05-11 |
||